Maps and the internet (Record no. 103158)

MARC details
000 -LEADER
fixed length control field 01713cam a2200289 4500
001 - CONTROL NUMBER
control field L124128
008 - FIXED-LENGTH DATA ELEMENTS--GENERAL INFORMATION
fixed length control field 031029n2003 000 0 eng u
020 ## - INTERNATIONAL STANDARD BOOK NUMBER
International Standard Book Number 0080442013
035 ## - SYSTEM CONTROL NUMBER
System control number (Sirsi) u124128
041 ## - LANGUAGE CODE
Language code of text/sound track or separate title eng
050 ## - LIBRARY OF CONGRESS CALL NUMBER
Classification number 333.70285
-- 18
110 ## - MAIN ENTRY--CORPORATE NAME
Corporate name or jurisdiction name as entry element International Cartographic Association
9 (RLIN) 2595
245 ## - TITLE STATEMENT
Title Maps and the internet
260 ## - PUBLICATION, DISTRIBUTION, ETC.
Place of publication, distribution, etc. Amsterdam
-- London
Name of publisher, distributor, etc. Elsevier
Date of publication, distribution, etc. 2003
300 ## - PHYSICAL DESCRIPTION
Extent xvi, 451p.
Dimensions 25cm
350 ## - PRICE (NR) (BK AM CF MU VM SE) [OBSOLETE]
Price 150
520 ## - SUMMARY, ETC.
Summary, etc. Examines the new trend of internet cartography and provides an overview of current research in this area. Use of the internet has enabled maps to be disseminated to a wider audience than just static paper maps and also for users to interrogate maps and manipulate the data for their own purposes. Addresses the basic issue raised by the Commission on Maps and the Internet established by the International Cartographic Association, namely: focus attention on disseminating maps and spatial data through distributed electronic networks; examine internet map usage and project future areas of growth; examine web map uses to better serve user needs; promote the exchange of information about effective internet mapping for an international audience; improve user access to maps by examining the potential of internet map metadata and; promote instruction on internet mapping through collaboration and co-ordination with other ICA commissions.
520 ## - SUMMARY, ETC.
Summary, etc. Accompanied by CD-ROM (L145171) which is not available for loan.
650 ## - SUBJECT ADDED ENTRY--TOPICAL TERM
Topical term or geographic name entry element MAPS
650 ## - SUBJECT ADDED ENTRY--TOPICAL TERM
Topical term or geographic name entry element MAPPING
650 ## - SUBJECT ADDED ENTRY--TOPICAL TERM
Topical term or geographic name entry element INTERNET
650 ## - SUBJECT ADDED ENTRY--TOPICAL TERM
Topical term or geographic name entry element LAND INFORMATION SYSTEMS
650 ## - SUBJECT ADDED ENTRY--TOPICAL TERM
Topical term or geographic name entry element GIS
690 ## - LOCAL SUBJECT ADDED ENTRY--TOPICAL TERM (OCLC, RLIN)
Topical term or geographic name as entry element MAPPING AND MEASUREMENT
700 ## - ADDED ENTRY--PERSONAL NAME
Personal name Peterson, Michael P.
International Standard Serial Number Editor
942 ## - ADDED ENTRY ELEMENTS (KOHA)
Suppress in OPAC 0
Holdings
Withdrawn status Lost status Source of classification or shelving scheme Damaged status Not for loan Home library Current library Shelving location Date acquired Cost, normal purchase price Total Checkouts Full call number Barcode Date last seen Copy number Cost, replacement price Price effective from Koha item type
    Other/Generic Classification Scheme     London London Books 26/11/2003 90.29   333.70285 PET 30068902 06/08/2019 1 90.29 06/08/2019 Book